| 000 | 00457nam a2200145 a 4500 | ||
|---|---|---|---|
| 001 | 2143 | ||
| 003 | CDMR | ||
| 005 | 20130116135224.0 | ||
| 008 | 130130s1987||||||||||||||||||||||||||||d | ||
| 040 |
_aCDMR _bcat _cCPC GIRONA |
||
| 100 | 1 |
_aCervera i Berta, Josep Maria _91597 |
|
| 245 | 1 | 3 |
_aLa música i els eclesiàstics músics del Bisbat de Girona en els segles XIX i XX _cCervera i Berta, Josep Maria |
| 260 |
_c1987 _bSeminari Diocesà de Girona |
||
| 942 | _cMON | ||
| 999 |
_c2143 _d2143 |
||